[Event "Hastings Masters op 90th"]
[Site "Hastings"]
[Date "2015.01.04"]
[Round "7"]
[White "Sengupta, Deep"]
[Black "Fier, Alexandr"]
[Result "0-1"]
[WhiteElo "2566"]
[BlackElo "2592"]
[Annotator "Fier,A"]
[PlyCount "94"]
[EventDate "2014.12.29"]
[EventType "swiss"]
[EventRounds "9"]
[EventCountry "ENG"]
[SourceTitle "CBM 165"]
[Source "ChessBase"]
[SourceDate "2015.03.11"]
[SourceVersion "1"]
[SourceVersionDate "2015.03.11"]
[SourceQuality "1"]

1. d4 {This move already took me by surprise. My opponent usually plays 1.e4.}
Nf6 2. Bg5 {And already on the second move the second surprise! I had worked a
lot on the Trompowsky preparing for the World Cup, to avoid theoretical lines
against Wojtaszek. So, I had to choose between the lines in which I believed
White did not have much.} d5 {This is the most played line after Kramnik tried
it against Carlsen.} 3. e3 c5 4. Bxf6 gxf6 5. dxc5 Nc6 {Waiting one more move
to see if the e-pawn should go to e6 or e5.} (5... e6 {was Kramnik's choice
against Adams and Carlsen.}) 6. a3 {Already a novelty. The position is not
played very often, but still it's not easy nowadays to play something new on
move 6.} (6. Nf3 {was recently tried in some games} e5 7. c4 {was seen in
November} (7. a3 {was the choice of Vitiugov in September but Black was soon
better} Be6 (7... Bxc5 {there is also nothing wrong with this} 8. c4 d4 9. b4
Be7 10. exd4 e4 11. b5 Nxd4 $5 12. Nxd4 (12. Qxd4 exf3 13. Qxd8+ Bxd8 14. Nd2
Be6 $15 {Black's activity and bishop pair more than compensate the pawn}) 12...
Bc5 {[%cal Gc5f2] and White can't hold the piece}) 8. b4 a5 9. b5 (9. Nc3 $5)
9... Na7 10. c4 dxc4 11. Qa4 Bxc5 12. Bxc4 Bxc4 13. Qxc4 Rc8 14. Qa4 Qd3 {
Vitiugov,N (2742)-Vachier Lagrave,M (2768) EU-Cup 30th Bilbao 2014 (3.3) 1/2
and White was already in trouble, escaping afterwards in}) 7... d4 8. exd4 e4
9. Nfd2 Qxd4 10. Nc3 f5 11. Nb3 Qe5 {Sandipan,C (2603)-Potkin,V (2610)
Bundesliga 1415 2014 (7.3) 1/2 with a complex position where Black should be
ok;}) 6... e6 7. Nf3 (7. b4 {doesn't hold the pawn} a5 8. Nd2 (8. c3 axb4 9.
cxb4 Nxb4 10. axb4 Rxa1 $19 {is really not enough for White}) (8. b5 Ne5 9. Nf3
Bxc5 10. Nbd2 b6 {and Black's position is already better}) 8... axb4 9. axb4
Rxa1 10. Qxa1 Nxb4 11. Qa4+ Nc6 12. Bb5 Qc7 13. Nb3 {is playable, but it's not
a position White would enjoy.}) 7... Bxc5 8. Be2 $6 {I don't think this move
is good. White's counterplay is usually based on the c4 advance and it's
better to do it with the bishop on f1.} (8. c4 {was the move I was expecting
and I would go to the endgame with} dxc4 9. Qxd8+ Kxd8 10. Bxc4 Ke7 11. O-O Bd7
{entering in a position that resembles the Queen's Gambit Accepted, but here
Black has the bishop pair, so there is probably nothing to worry about.}) 8...
f5 9. O-O Qf6 {Giving up the d8-square for the rook; in some positions the
bishop can also come back to f8-g7.} 10. Ra2 {Another imprecision, Black's
position is now already more comfortable. Later the rook went away from a2,
but after some moves it came back and never left the place until the end of
the game.} (10. Qc1 {was better and after} O-O 11. Nbd2 Rd8 12. c4 Bf8 13. cxd5
Rxd5 14. Qc2 {the a1-rook can enter the play quicker than it did in the game.})
10... a5 11. Nbd2 O-O (11... e5 $5 {is the computer suggestion, but for me
it's hard to advance these pawns without anything concrete.} 12. c4 e4 13. Ne1
dxc4 14. Nxc4 O-O {and White's pieces are a long way from finding good squares.
}) 12. c4 dxc4 13. Bxc4 (13. Nxc4 b5 $5 (13... b6 {is also possible and more
solid} 14. b3 Rd8 15. Qa1 Qxa1 16. Raxa1 Bb7 17. Rfd1 {and Black is slightly
better, but nothing serious}) 14. Ncd2 Bb7 15. Bxb5 Ne5 16. Nxe5 Qxe5 17. Nf3
Qg7 {with good compensation.}) 13... b6 {The long diagonal is the place for
the bishop, the rooks belong on the open files and the queen is fine on f6.}
14. Nb3 Rd8 15. Qe2 Bf8 16. Raa1 {White's plan is to exchange some pieces and
to try to enter a slightly worse endgame.} Bb7 17. Rfd1 Bg7 18. Nbd4 Nxd4 (
18... f4 {was also possible here} 19. Bb5 Nxd4 20. exd4 Rd6 21. Rac1 Rad8 22.
Rc7 Bxf3 23. Qxf3 Qf5 {and White is going to suffer in the endgame.}) 19. Rxd4
(19. exd4 Rd6 20. Rac1 Rad8 $17) (19. Nxd4 f4 {and with an isolated pawn on e3
White's position will be hard to hold} 20. Rac1 fxe3 21. fxe3 Rac8 22. Rf1 Qe5
{with a clear advantage.}) 19... Qg6 20. Rxd8+ Rxd8 21. a4 $5 {White gives up
on the b2-pawn, but Black's queenside is succesfully blocked.} Qg4 (21... Bxb2
$6 22. Qxb2 Bxf3 23. Bf1 Rb8 24. Rc1 Bd5 25. Qe5 {with enough compensation to
keep the balance}) (21... Bxf3 $6 22. Qxf3 Bxb2 23. Rd1 Qg5 24. g3 {and Black
won't be able to break White's position}) (21... f4 $5 {maybe this was the
best move, opening the position} 22. exf4 Qg4 {and White can't defend the
f4-pawn} 23. Rd1 (23. Qe3 Bd4 (23... Bxf3 24. Qxf3 Qxf3 25. gxf3 Rd4 26. Rc1
Rxf4 {is less clear}) 24. h3 Bxe3 25. hxg4 Bxf4 {with good chances}) 23...
Rxd1+ 24. Qxd1 Bf6 25. b3 Qxf4 {and Black will keep the pressure, White's
position is defendable.}) 22. Rc1 (22. h3 Qe4 (22... Bxf3 23. hxg4 Bxe2 24.
Bxe2 Rd2 25. Kf1 fxg4 26. Bxg4 Rxb2 {was the kind of endgame I was trying to
avoid}) 23. Rd1 Rxd1+ 24. Qxd1 Bf6 $15) 22... Rc8 {Going for a forced sequence
that worked well in the game, but mostly because my opponent was already in
time trouble.} (22... Bxb2 $5 23. Qxb2 Qxc4 $1 24. h3 Qxa4 25. Nd4 Qb4 26. Qxb4
axb4 27. Rb1 f4 28. Rxb4 fxe3 29. fxe3 Rd6 {with good chances to convert the
advantage.}) 23. b3 b5 $6 {This was the idea, but it's not completely sound.
However, this move basicallylet me win the game.} 24. axb5 a4 25. Rc2 $2 {
This is the decisive mistake, made in time trouble. Now Black is winning by
force.} (25. bxa4 {was necessary and apparently White is fine after it} Bd5 {
was my second idea and I thought it was quite interesting but probably wrong.
I could not see the refutation, but there is a nice one} (25... Bxf3 {was my
first idea and the one in which I was sure I had no problems} 26. Qxf3 Rxc4 27.
Rxc4 Qxc4 28. Qa8+ Bf8 {and here I thought that I had chances, even if White's
pawns are dangerous} 29. g3 Qe4 30. Qa7 (30. Qd8 {sacrifices the pawn and
probably is the easier way to draw} Qxa4 (30... h6 31. b6 {and Black will be
forced to give perpetual}) 31. Qg5+ Bg7 32. Qd8+ Bf8 {with a draw}) (30. Qxe4 {
would be a big mistake} fxe4 31. a5 Bb4 {and the pawns are going to be stopped}
)) 26. b6 Rxc4 27. Qxc4 $1 {this is the trick, sacrificing the queen, it
cannot be attacked anymore!} (27. Rxc4 {was my analysis, but after} Bxc4 28.
Qc2 Bd5 {Black is completely winning}) 27... Bxc4 28. b7 {and there is no way
to stop the b-pawn, so White is winning.}) 25... a3 26. Ra2 (26. Ne1 Qxe2 27.
Bxe2 a2 $1 28. Rxa2 Rc1 29. Kf1 Bc3 {is a nice way to finish the game.}) 26...
Bxf3 27. Qxf3 Qxf3 28. gxf3 Bb2 {With the rook locked things become clear.
Black's plan is to combine the plan of taking the pawns on the kingside with
the plan of bringing the king to the queenside. White has nothing he can do,
except to try to exchange all the pawns, and that's what he does.} 29. f4 Kf8
30. Kg2 Ke7 31. Kf3 Kd6 32. e4 fxe4+ 33. Kxe4 Rc5 {Important, to avoid more
exchanges.} 34. Kf3 Kc7 35. Kg4 Kb6 36. Bd3 h6 37. f5 exf5+ (37... Rd5 38. Bc2
exf5+ 39. Bxf5 Kxb5 {was slightly more precise.}) 38. Kh5 Rc3 39. Bf1 (39. Bxf5
Rc5 40. Kg4 Rxb5 {and the king can never cross the fifth rank.}) 39... Rf3 40.
h4 Rf4 41. Bc4 Rxf2 42. Bxf7 Rg2 43. Bd5 Rg3 44. Kxh6 f4 45. h5 f3 46. Kh7 f2
47. Bc4 Rg7+ 0-1

[Event "EU-ch 3rd"]
[Site "Batumi"]
[Date "2002.06.26"]
[Round "13"]
[White "Gelashvili, Tamaz"]
[Black "Sargissian, Gabriel"]
[Result "0-1"]
[WhiteElo "2547"]
[BlackElo "2538"]
[Annotator "Finkel,A"]
[PlyCount "156"]
[EventDate "2002.06.12"]
[EventType "swiss"]
[EventRounds "13"]
[EventCountry "GEO"]
[SourceTitle "CBM 090"]
[Source "ChessBase"]
[SourceDate "2002.09.20"]
[SourceVersion "1"]
[SourceVersionDate "2002.09.20"]
[SourceQuality "1"]

1. c3 Nf6 2. d4 d5 3. Bg5 Nbd7 4. e3 e6 (4... g6 5. f4 Bg7 6. Nf3 Ne4 7. Bd3
Nxg5 8. Nxg5 O-O 9. Nf3 Nf6 10. Nbd2 Bf5 11. Bxf5 gxf5 12. Ne5 e6 $11 {
Fogarasi,N-Gross,R/North Bay 1996}) 5. Nd2 (5. Bd3 Bd6 6. f4 c5 7. Nf3 Qb6 8.
Qc2 h6 9. Bxf6 gxf6 10. O-O Nf8 11. Nbd2 Bd7 12. Kh1 $13 {Rewitz,P-Flear,G/
Esbjerg 1982}) 5... Be7 (5... c5 6. Bd3 Bd6 7. f4 h6 8. Bxf6 Nxf6 9. Qf3 Bd7
10. O-O-O cxd4 11. exd4 Qa5 12. Kb1 b5 13. Ne2 O-O 14. g4 g6 15. h4 $36 {
Wolske,E-Sikiric,K/GER 1994}) 6. Bd3 b6 7. f4 {White's plan is to play the
"stonewall" structure without the bishop, however it's hardly enough for mor
than equality.} Bb7 8. Qf3 (8. Ngf3 c5 9. O-O Qc7 10. Ne5 O-O 11. Rf3 h6 12.
Bh4 Nxe5 13. fxe5 Ne4 14. Bxe7 Qxe7 15. Bxe4 dxe4 16. Rf4 f5 $13 {Kuendig,
O-Brugger,H/Austria 1994}) 8... h6 9. Bxf6 (9. Bh4) 9... Nxf6 10. Ne2 Qd7 11.
O-O O-O-O $5 {It was too dangerous to castle kingside.} (11... O-O $6 12. g4 (
12. e4 dxe4 13. Nxe4 Bxe4 14. Bxe4 Nxe4 15. Qxe4 c5 $11) 12... c5 13. Ng3 $36 {
[%cal Gh2h4,Gg4g5]}) 12. a4 a6 13. Ng3 Kb8 14. b4 Ka7 15. Nh5 (15. a5 b5 16.
Nb3) 15... Ne8 $1 {It's better for black to keep the knights on the board.} 16.
b5 $5 a5 17. e4 g6 18. Ng3 f5 $1 19. e5 (19. exf5 exf5 20. Qe3 Nf6 21. Nf3 Ne4
22. Ne5 Qe6 23. c4 $13) 19... c5 20. bxc6 Bxc6 21. Qd1 Nc7 22. Qb3 Rb8 {
White can't create any threats to the black king without playing c4, because
black easily defends the pawn on b6.} 23. Ne2 Bb7 24. Ra2 Ba6 25. Bxa6 Nxa6 26.
Qc2 Rbc8 27. Qd3 Rhg8 $13 28. Rb1 g5 29. Rb5 Rc6 30. Rab2 Nc7 31. R5b3 Na6 32.
Qh3 Qe8 33. Qd3 {White is not satisfied with a draw after} (33. Qxh6 Rh8 34.
Qg7 Rg8 $11) 33... Qd7 34. Rb1 Qc8 35. Nf1 Qd7 36. Qd2 g4 37. Qb2 Rb8 38. Ne3
Bd8 39. Rb5 Be7 40. Kf1 {[%cal Gc3c4] May be it was time for c4, even though
black has sufficient ounterchances anyway.} (40. c4 $5 dxc4 41. d5 exd5 42.
Rxd5 Qe8 43. Nd4 Bc5 44. Kh1 (44. Nxc6+ Qxc6 {[%csl Rd5][%cal Gc5g1]}) 44...
Nb4 45. Nxc6+ Qxc6 46. Rxc5 Qxc5 47. Nxf5 c3 $132) 40... Qc8 $1 41. Rb3 (41. c4
dxc4 42. d5 c3 43. Qc2 exd5 44. Nd4 Rc4 $15) 41... Qe8 42. Ng3 Qd7 43. Ke2 Bd8
44. Ngf1 Qe8 45. Kf2 Be7 46. Nd2 Qd7 47. Ke2 Qe8 48. Kf1 Qd7 49. Ra1 Qc8 50.
Nb1 Qc7 51. Na3 Bxa3 52. Qxa3 Rc8 53. Nd1 Qd8 $1 {[%cal Gd8h4] Black king
comes to h4 to force white to play g3.} 54. Qb2 Qh4 55. g3 Qd8 56. Rb1 h5 57.
Ne3 h4 58. gxh4 (58. Kg1 $5 hxg3 59. hxg3 Qc7 {[%csl Rg1][%cal Gc8h8,Gc7h7]}
60. Nc2 Rh8 61. Na3 Qh7 62. Qg2 $14) 58... Qxh4 59. Rxb6 Qh3+ 60. Ng2 (60. Ke2
$6 Qf3+ 61. Kd2 Qf2+ 62. Kd1 Qg1+ 63. Ke2 Qxh2+ 64. Kd1 Qxb2 65. R6xb2 Rxc3 $17
) 60... Qd3+ 61. Kf2 (61. Kg1 Qxb1+ (61... Rxc3 $4 62. Rb7+ Ka8 63. Ra7+ Kxa7
64. Qb7#) 62. Qxb1 Rxb6 $17) 61... Nb4 $1 62. Rb5 (62. Rxc6 Rxc6 {[%csl Gc2]}
63. Rc1 Qf3+ 64. Kg1 Nd3 $19) 62... Qxb5 $1 63. axb5 Nd3+ 64. Ke2 Nxb2 65. bxc6
Nc4 66. Ne1 Rxc6 67. Nd3 Rc7 {[%csl Rh2][%cal Gc7h7]} 68. Nc5 Rh7 69. Ke1 a4 $1
70. Rb4 (70. Nxa4 g3 $19) 70... a3 71. Nxe6 Rxh2 72. Nd8 Rb2 73. Nc6+ Ka8 74.
Ra4+ Kb7 75. Na5+ Nxa5 76. Rxa5 a2 77. e6 Rb1+ 78. Ke2 a1=Q 0-1

[Event "Bermuda-B"]
[Site "Bermuda"]
[Date "2002.01.30"]
[Round "9"]
[White "Nyback, Tomi"]
[Black "Blehm, Pawel"]
[Result "0-1"]
[WhiteElo "2448"]
[BlackElo "2535"]
[Annotator "Finkel,A"]
[PlyCount "60"]
[EventDate "2002.01.21"]
[EventType "tourn"]
[EventRounds "9"]
[EventCountry "BER"]
[EventCategory "8"]
[SourceTitle "CBM 088"]
[Source "ChessBase"]
[SourceDate "2002.03.21"]
[SourceVersion "1"]
[SourceVersionDate "2002.03.21"]
[SourceQuality "1"]

1. Nf3 Nf6 2. d4 g6 3. Nc3 d5 4. Bf4 c6 5. e3 Nh5 $5 (5... Bg4 6. h3 (6. Be2
Bxf3 (6... Nbd7 7. Ne5 Bxe2 8. Qxe2 Qb6 9. O-O-O Bg7 $11 {Hansen,L-Heinola,V/
Copenhagen 2000/CBM 77 ext}) 7. Bxf3 Bg7 8. O-O O-O 9. Re1 Re8 10. Qd2 Nbd7 $13
{Feletar,D-Cvitan,O/Pula 2000/CBM 76 ext}) 6... Bxf3 7. Qxf3 Nbd7 8. Bd3 Bg7 9.
g4 O-O 10. h4 e5 11. dxe5 Ne8 $13 {Welling,G-Van der Wiel,J/Hilversum 1985/EXT
99}) (5... Qb6 6. Rb1 Bf5 7. Bd3 Bxd3 8. cxd3 Bg7 9. O-O Nbd7 10. h3 O-O 11. b4
Rfc8 12. Qb3 $14 {Kogan,A-Hausner,I/Zlin 1995/CBM 49}) 6. Bg5 (6. Be5 f6 7.
Bxb8 Rxb8 8. Be2 Qb6 9. a3 Qc7 10. O-O Bh6 $11 {Bezold,M-Paehtz,T/Bad Wildbad
1993/TD}) 6... h6 (6... f6 7. Bh4 Bg4 8. Be2 Qb6 9. Rb1 g5 $2 10. Nxg5 Bxe2 11.
Qxe2 $16 {Weiss,T-Li,M/Ruhrgebiet 1999/EXT 2001}) 7. Bh4 Bg7 8. Be2 Qb6 $5 (
8... g5 $6 9. Ne5 Bxe5 10. Bxh5 Bg7 11. Bg3 Nd7 12. h4 Nf6 13. Be5 $14 {
Balashov,Y-Lanka,Z/Schwaebisch Gmuend 1994/EXT 97}) 9. a3 Nd7 10. O-O g5 $5 11.
Bg3 $6 {Serious inaccuracy which costs whie a game! Much better was} (11. Nd2
Nf4 12. exf4 gxh4 13. Nb3 $13 {with complicated position with mutual chances.})
11... Nxg3 12. hxg3 e5 $15 13. dxe5 Nxe5 14. Nxe5 Bxe5 15. Qd2 Be6 16. Na4 Qc7
17. Nc5 O-O-O $1 {[%cal Gh6h4] Black doesn't need the lightsuared bishop to
launch an attack against white king.} 18. c4 (18. Nxe6 fxe6 19. c4 h5 20. cxd5
exd5 21. Rac1 h4 $36) 18... h5 19. cxd5 Bxd5 20. Qb4 Bd6 (20... h4 $2 21. Bg4+
Kb8 22. Na6+ $18) 21. e4 Be6 (21... Bxc5 22. Qxc5 Bxe4 23. Qxg5 $132) 22. Nxe6
fxe6 23. Qb3 h4 24. Qxe6+ (24. g4 Bc5 $1 25. Qxe6+ Kb8 26. Rac1 Bb6 $36 {
[%csl Rg1][%cal Gh4h3,Gb6g1]}) 24... Kb8 25. g4 h3 26. Rfd1 (26. Rfc1 hxg2 27.
Kxg2 Rh2+ 28. Kg1 Bg3 $1 $19 {[%csl Rf2]}) 26... Bc5 $1 $19 {Black threatns to
come to g3 with the queen and many other things as well!} 27. Rxd8+ Rxd8 28.
Rd1 Rf8 {[%cal Gc7g3]} 29. e5 Qh7 30. Rd7 Bxf2+ (30... Bxf2+ 31. Kf1 hxg2+ 32.
Kxg2 Qe4+ 33. Kh2 Rh8+ $19) 0-1

[Event "Bundesliga 0405"]
[Site "Germany"]
[Date "2004.11.28"]
[Round "4.7"]
[White "Hertneck, Gerald"]
[Black "Tischbierek, Raj"]
[Result "1-0"]
[WhiteElo "2552"]
[BlackElo "2477"]
[Annotator "Finkel,A"]
[PlyCount "80"]
[EventDate "2004.11.12"]
[EventType "team-tourn"]
[EventRounds "15"]
[EventCountry "GER"]
[SourceTitle "CBM 105"]
[Source "ChessBase"]
[SourceDate "2005.04.11"]
[SourceVersion "1"]
[SourceVersionDate "2005.04.11"]
[SourceQuality "1"]
[WhiteTeam "Tegernsee"]
[BlackTeam "Kreuzberg"]
[WhiteTeamCountry "GER"]
[BlackTeamCountry "GER"]

1. d4 Nf6 2. Bg5 d5 3. e3 c5 4. Bxf6 gxf6 5. c3 Qb6 6. Qb3 {White isn't trying
to fight for opening advantage opting for such a harmless line. All he wants
to do is to deviate from the theory!} (6. Qd2 e6 7. f4 f5 8. Nf3 Nd7 9. Qc2 Bd6
10. Nbd2 Nf6 11. Be2 Ng4 12. Nf1 cxd4 13. Nxd4 Nf6 $15 {Jirovsky,P-Pribyl,M/
Czechoslovakia 1991}) (6. Qc2 Nc6 (6... Na6 7. Nd2 Bd7 8. dxc5 Qxc5 9. Bd3 Rc8
10. Nb3 Nb4 11. Qd2 Nxd3+ 12. Qxd3 Qc4 $15 {Liang Chong-Ivkov,B/Wijk aan Zee
2001}) 7. Nd2 cxd4 8. exd4 e5 9. dxe5 fxe5 10. Nb3 Be6 11. Nf3 Be7 12. Be2
O-O-O $15 {Voloshin,L-Tunik,G/Alushta 1993}) 6... Nc6 7. Nd2 (7. Nf3 cxd4 (7...
e6 8. Nbd2 Bd7 9. Be2 f5 10. O-O Be7 11. Rad1 c4 12. Qc2 Qc7 $132 {Koch,
T-Krogius,N/Berlin 1995}) 8. Qxb6 axb6 9. cxd4 Nb4 10. Na3 Bd7 11. Kd2 e6 12.
Be2 Ra5 $13 {Tchernyi,V-Tunik,G/Moscow 1996}) (7. Qxb6 axb6 8. Na3 Bf5 9. Nb5
Kd7 10. dxc5 bxc5 11. Rd1 e6 12. a3 Bc2 13. Rd2 Ba4 $15 {Cech,P-Petrosian,A/
Berlin 1996}) 7... e5 {Black is playing in a very agressive fashion fighting
for the advantage from the very first moves.} (7... e6 8. Ne2 f5 9. Nf4 Bd6 10.
g3 Rg8 11. Be2 Bd7 12. Nf3 Qc7 $132 {Bayer,C-Pribyl,J/Nuremberg 1990}) 8. dxe5
(8. e4 $5 Qxb3 9. axb3 dxe4 10. d5 Ne7 11. d6 Nf5 12. Nxe4 Nxd6 13. Nxf6+ Kd8
14. Bc4 Be7 $13 {Bezold,M-Ruck,R/Budapest 1994}) 8... Qxb3 9. axb3 fxe5 10. e4
{Starting the fight for the light squares.} dxe4 (10... d4 11. Bc4 Rg8 12. g3
Bd6 13. Ngf3 Ke7 14. Bd5 $13) 11. Nxe4 f5 $5 (11... Be7 12. Bc4 f5 (12... Rg8
13. Ng3 h5 $2 14. Nxh5 Rxg2 15. Ng3 $18 {[%csl Rg2]}) 13. Ng3 Bd7 $15) 12. Nf6+
Kf7 13. Nd5 Rb8 {Deciding not to give the lightsquared bishop.} (13... Bd6 14.
Nb6 Rb8 15. Nxc8 Rbxc8 16. Bc4+ Kf6 17. Ke2 e4 $13) 14. Nh3 Bh6 $6 {[%csl Rh6]
The bishop is misplaced on h6 so it was better to play} (14... Rg8 15. Nc7 Rg6
16. Bc4+ Kg7 $15) 15. Nc7 Rd8 16. Bc4+ Kf6 17. O-O f4 (17... a6 $5) 18. f3 Bxh3
19. gxh3 Rd7 20. Nd5+ Kg7 (20... Kf5 21. Rfd1 Rbd8 22. Rd2 a6 23. Rad1 b5 24.
Bd3+ Ke6 25. Be4 Bg5 26. Kf1 $11) 21. Kh1 {[%csl Rg7][%cal Gf1g1] It's clear
that white succeeded to take over the initiative, but black shouldn't have
problems to keep the balance.} Rd6 22. Nc7 Kf6 23. Rad1 Bf8 (23... Rxd1 24.
Rxd1 Rd8 25. Nd5+ Kg7 26. Rg1+ Kf8 27. Nf6) 24. Rxd6+ Bxd6 25. Nd5+ Kg7 26.
Rg1+ Kh8 27. Nf6 Be7 (27... Rf8 $142 28. Bd5 Ne7 29. Ne4 Nxd5 30. Nxd6 b6 31.
Rg5 Ne3 32. Rxe5 Kg7 33. Re7+ Kg6 $44) 28. Nd7 Rd8 $6 {Permitting white to
spoil black's pawn structure.} (28... Rc8) 29. Bd5 $1 Bd6 30. Bxc6 bxc6 31. Nf6
Be7 32. Ne4 Rd3 33. Kg2 Re3 34. h4 $1 (34. Ra1 Bh4 35. Rxa7 Re2+ 36. Kf1 Re1+
$11) 34... Re2+ 35. Kh3 Rxb2 36. Ra1 Rxb3 $2 (36... Kg8 37. Rxa7 Kf7 38. Kg4
Ke6 39. Rc7 h5+ $1 $16) 37. Rxa7 $18 Bf8 38. Kg4 $6 (38. Nf6 {[%csl Rh8]} Bg7
39. Ra8+ Bf8 40. Rxf8+ Kg7 41. Nd7 $18) 38... Rb8 39. Rc7 Rd8 40. Ng5 Rd5 1-0

[Event "Capablanca Memorial Elite 37th"]
[Site "Havana"]
[Date "2002.05.12"]
[Round "7"]
[White "Kogan, Artur"]
[Black "Zapata, Alonso"]
[Result "0-1"]
[WhiteElo "2540"]
[BlackElo "2541"]
[Annotator "Finkel,A"]
[PlyCount "80"]
[EventDate "2002.05.06"]
[EventType "tourn"]
[EventRounds "9"]
[EventCountry "CUB"]
[EventCategory "13"]
[SourceTitle "CBM 089"]
[Source "ChessBase"]
[SourceDate "2002.08.12"]
[SourceVersion "1"]
[SourceVersionDate "2002.08.12"]
[SourceQuality "1"]

1. d4 Nf6 2. Nf3 g6 3. Nc3 d5 4. Bf4 Bg7 5. Qd2 O-O 6. Bh6 Ne4 $5 {Very good
move leading to comfortable position for black.} (6... b6 7. Bxg7 Kxg7 8. O-O-O
(8. g3 Bb7 9. Bg2 Nbd7 10. O-O c5 11. Rfd1 a6 12. Ne5 e6 $11 {Addison,
W-Ujtumen,T/Palma de Mallorca 1970}) (8. e3 e6 9. Be2 Ba6 10. Ne5 Bxe2 11. Qxe2
{1/2-1/2 Ortega,L-Garcia Martinez,S/Havana 1986/EXT 98 (11)}) 8... Bb7 9. h4 h5
10. Ng5 Nbd7 11. f4 e6 12. e3 c5 13. Be2 Qe7 14. Bf3 Rac8 15. Rdg1 Rh8 $13 {
Rakic,T-Janosevic,D/Belgrade 1968}) (6... c5 7. Bxg7 Kxg7 8. dxc5 Nc6 9. Rd1 (
9. e3 Bg4 10. Nd4 e5 11. Nxc6 bxc6 12. f3 Be6 13. Na4 Qc7 14. Ba6 Rad8 15. b3
d4 16. e4 Qe7 17. O-O-O $14 {Gurgenidze,B-Geller,E/URS 1979}) 9... e6 10. e4
dxe4 11. Ng5 Qxd2+ 12. Rxd2 Nd7 13. Bb5 h6 14. Ngxe4 f5 15. Nd6 Nxc5 16. O-O e5
17. Rd5 $16 {Rakic,T-Petursson,M/Ljubljana 1981}) (6... Nbd7 7. Bxg7 Kxg7 8.
Ne5 c6 9. f4 Qc7 10. e3 Ne8 11. Bd3 f6 12. Nxd7 Bxd7 13. e4 e5 14. dxe5 fxe5
$11 {Vorotnikov,V-Heinig,W/Leipzig 1982}) 7. Nxe4 dxe4 8. Bxg7 Kxg7 9. Ne5 (9.
Ng5 Qd5 10. h4 h6 11. Nh3 (11. c4 e3 12. Qc3 exf2+ 13. Kxf2 Qf5+ 14. Nf3 Nd7
15. e4 Qxe4 16. Re1 Nf6 17. Bd3 Qf4 $15 {Lueders,G-Schruefer,G/Germany 1983})
11... e5 12. e3 Rd8 13. c4 Qd6 14. O-O-O Nc6 15. d5 Ne7 16. f3 exf3 17. gxf3 b5
$36 {Alexandria,N-Chiburdanidze,M/Tbilisi 1977}) (9. Ng1 e5 10. O-O-O exd4 11.
Qxd4+ Qxd4 12. Rxd4 f5 13. e3 Nc6 14. Rd2 Be6 $11 {Csukerda,A-Sleisz,T/
Aggtelek 1994}) 9... c5 10. e3 Qc7 11. O-O-O {Risky move since black is first
one to start an actions on the queenside.} (11. Qc3 f6 12. Nc4 cxd4 13. Qxd4
Bf5 14. Be2 Nc6 $36) 11... Rd8 12. Qc3 f6 13. Nc4 Na6 14. Be2 $6 {Better was} (
14. Nd2 cxd4 15. Qxc7 Nxc7 16. Nxe4 Bf5 17. Ng3 dxe3 18. fxe3 $11 {and white
keeps the balance.}) 14... Nb4 15. Kb1 Be6 16. dxc5 (16. a3 Nd5 17. Qa5 b6 $15)
16... Qxc5 17. a3 Nc6 18. Nd2 {Also after} (18. b4 $5 Qg5 19. g3 Qf5 20. Rdf1
Rac8 $17 {black's advantage is beyond any doubt.}) 18... Qxc3 19. bxc3 f5 $17 {
[%csl Ra3,Rc2,Rc3]} 20. Nb3 Kf6 21. h4 Ne5 22. Rd4 Rdc8 23. Kb2 Rc7 24. Rb4 Bc4
$1 {Trading the bishops in order to secure square c4 for the knight.} 25. Bxc4
(25. Nd4 Rac8 26. Rd1 e6 27. Bxc4 Nxc4+ 28. Ka2 Rd7 $17) 25... Nxc4+ 26. Ka2
Nd6 27. Nd4 (27. Kb2 Rac8 $19) 27... Rxc3 28. Rb3 Rc5 29. Kb1 Rac8 30. Rd1 b6
31. Rd2 Nc4 32. Rd1 e5 33. Ne2 Ke6 34. g3 Ra5 35. Rc3 (35. Ka2 Nxa3 $1 36. Rxa3
Rxc2+ 37. Kb3 Rxe2 $19) 35... Nxa3+ 36. Kb2 Nc4+ 37. Kb3 Ra3+ 38. Kb4 a5+ 39.
Kb5 Rxc3 40. Nxc3 Nd6+ 0-1